Science Quiz

Random Science or Animal Quiz

Land Animals: Real or Fake? Quiz Stats

Quiz Updated Mar 12, 2015

Challenge
Share
Tweet
Embed
Score 0/40 Timer 04:00
0 Plays Today
% Correct
Kangaroo
96.2%
Giraffe
96.2%
Donkey
96.1%
Cheetah
96%
Raccoon
95.9%
Rhinoceros
95.5%
Scorpion
95.3%
Prairie Dog
95.2%
Armadillo
95.1%
Cockroach
95.1%
Badger
95%
Hippopotamus
94.6%
Lynx
94.5%
Yak
94.4%
Tarantula
94.3%
Komodo Dragon
94.2%
Jackal
93.8%
Tasmanian Devil
93.3%
Red Panda
93.1%
Alpaca
93%
% Correct
Viper
92.9%
Aardvark
92.4%
Poison Dart Frog
91.1%
Shrew
90.9%
Fox Squirrel
87.7%
Tapir
86.8%
Kiwi
82.7%
Ibex
81%
Sun Bear
77.2%
Echidna
76.4%
Bonobo
73.3%
Korean Jindo Dog
70.4%
Oryx
69.8%
Tigon
49.1%
Spectral Tarsier
48.1%
Genet
43.8%
Guanaco
43.3%
Chamois
41.8%
Basilisk
36.9%
Firebrat
26.3%

You're not logged in!

Compare scores with friends on all Sporcle quizzes.
Join for Free
OR
Log In

You Might Also Like...

Show Comments

Extras

Top Quizzes Today


Score Distribution

Your Account Isn't Verified!

In order to create a playlist on Sporcle, you need to verify the email address you used during registration. Go to your Sporcle Settings to finish the process.

Report this User

Report this user for behavior that violates our Community Guidelines.

Details: